000 00296nam a2200133Ia 4500
008 231129s1972||||xx |||||||||||||| ||spa||
040 _bspa
082 _aA863.4 B938b
100 _aBullrich Silvana
245 0 _aLos burgueses
260 _c1972
264 _aSudamericana
942 _2ddc
_cBKS
999 _c19515
_d19515